[Event "Rheinland Pfalz op 11th"]
[Site "Weilerbach"]
[Date "2019.06.21"]
[Round "4"]
[White "Englert, Andreas"]
[Black "Hamberger, Peter"]
[Result "0-1"]
[WhiteElo "1379"]
[BlackElo "1669"]
[PlyCount "48"]
[EventDate "2019.06.20"]
[EventType "swiss"]
[EventRounds "7"]
[EventCountry "GER"]
[SourceTitle "CBM 191 Extra"]
[Source "ChessBase"]
[SourceDate "2019.09.30"]
[SourceVersion "1"]
[SourceVersionDate "2019.09.30"]
[SourceQuality "1"]

1. e4 d5 2. exd5 Qxd5 3. Nc3 Qa5 4. d4 c6 5. Bd2 Nf6 6. Be2 e6 7. a3 Qc7 8. Nf3 Bd6 9. h3 Nbd7 10. Be3 0-0 11. Qd2 Nd5 12. Nxd5 exd5 13. Bd3 Nf6 14. 0-0-0 b5 15. g4 a5 16. c3 b4 17. cxb4 axb4 18. axb4 Ra4 19. Qe2 Bxb4 20. Bd2 c5 21. Bc3 cxd4 22. Nxd4 Bxc3 23. Nc2 Ba5 24. g5 Ra1# 0-1

[Event "Pfalz-ch HT2 86th"]
[Site "Wolfstein"]
[Date "2017.04.15"]
[Round "7"]
[White "Hamberger, Peter"]
[Black "Enkrodt, Ulrich"]
[Result "0-1"]
[WhiteElo "1629"]
[BlackElo "1982"]
[PlyCount "94"]
[EventDate "2017.04.07"]
[EventType "swiss"]
[EventRounds "7"]
[EventCountry "GER"]
[SourceTitle "EXT 2018"]
[Source "ChessBase"]
[SourceDate "2017.10.13"]
[SourceVersion "1"]
[SourceVersionDate "2017.10.13"]
[SourceQuality "1"]

1. Nf3 d5 2. b3 c5 3. Bb2 Nc6 4. d3 e6 5. Nbd2 Nf6 6. c4 d4 7. g3 Bd6 8. Bg2 0-0 9. a3 e5 10. Qc2 h6 11. e4 Be6 12. 0-0 Qd7 13. Qd1 Bg4 14. Bc1 Ne7 15. Qe1 Ng6 16. Kh1 Nh5 17. Ng1 Rae8 18. h3 Be6 19. Qe2 Nf6 20. Ndf3 Nh7 21. Nh2 f6 22. Qh5 Bf7 23. Qf5 Qc7 24. Bd2 Ne7 25. Qf3 b5 26. Ng4 Kh8 27. h4 Bh5 28. Qd1 bxc4 29. bxc4 Rb8 30. Bf3 Bg6 31. Nh3 f5 32. exf5 Bxf5 33. Be4 Qd7 34. f3 Bxg4 35. fxg4 Rxf1+ 36. Qxf1 Qxg4 37. Qg2 Nf6 38. Nf2 Qe2 39. Ba5 Rb2 40. Rf1 Nxe4 41. dxe4 Qxc4 42. Qh3 Qa6 43. Bd8 Qc8 44. Qxc8 Nxc8 45. Nd3 Rd2 46. Rf3 c4 47. Ba5 Rxd3 0-1

[Event "Pfalz-ch HT2 86th"]
[Site "Wolfstein"]
[Date "2017.04.14"]
[Round "6"]
[White "Bolz, Reiner"]
[Black "Hamberger, Peter"]
[Result "0-1"]
[WhiteElo "1817"]
[BlackElo "1629"]
[PlyCount "64"]
[EventDate "2017.04.07"]
[EventType "swiss"]
[EventRounds "7"]
[EventCountry "GER"]
[SourceTitle "EXT 2018"]
[Source "ChessBase"]
[SourceDate "2017.10.13"]
[SourceVersion "1"]
[SourceVersionDate "2017.10.13"]
[SourceQuality "1"]

1. d4 c5 2. e3 e6 3. Nf3 Nc6 4. c3 Nf6 5. Bd3 d5 6. Nbd2 Bd7 7. 0-0 Be7 8. Qe2 Qc7 9. dxc5 Bxc5 10. e4 d4 11. Nxd4 Nxd4 12. cxd4 Bxd4 13. Nf3 Bb6 14. Bd2 h6 15. Rac1 Qd8 16. h3 0-0 17. e5 Nd5 18. Qe4 f5 19. exf6 Nxf6 20. Qh4 Bc6 21. Ne1 Ne4 22. Qxd8 Raxd8 23. Bxe4 Bxe4 24. Bc3 Rf5 25. g4 Rxf2 26. Rxf2 Rf8 27. Kh2 Rxf2+ 28. Kg3 Rf7 29. Be5 Rf1 30. Bc3 Bc7+ 31. Kh4 g5+ 32. Kh5 Kh7 0-1

[Event "Pfalz-ch HT2 86th"]
[Site "Wolfstein"]
[Date "2017.04.08"]
[Round "2"]
[White "Sauer, Wolfgang"]
[Black "Hamberger, Peter"]
[Result "1/2-1/2"]
[WhiteElo "1276"]
[BlackElo "1629"]
[PlyCount "86"]
[EventDate "2017.04.07"]
[EventType "swiss"]
[EventRounds "7"]
[EventCountry "GER"]
[SourceTitle "EXT 2018"]
[Source "ChessBase"]
[SourceDate "2017.10.13"]
[SourceVersion "1"]
[SourceVersionDate "2017.10.13"]
[SourceQuality "1"]

1. d4 c5 2. Bf4 cxd4 3. Qxd4 Nc6 4. Qd1 e6 5. Nf3 Nf6 6. e3 Be7 7. Bd3 Qa5+ 8. c3 e5 9. b4 Nxb4 10. Bxe5 Nxd3+ 11. Qxd3 b6 12. 0-0 Ba6 13. c4 d5 14. Nbd2 Rd8 15. Bd4 dxc4 16. Nxc4 Qd5 17. Nd6+ Rxd6 18. Qxa6 Rd7 19. Rfd1 0-0 20. h3 Qb7 21. Qa4 Rfd8 22. Bxf6 Bxf6 23. Rxd7 Qxd7 24. Qxd7 Rxd7 25. Rc1 g6 26. Kf1 Kf8 27. Ke2 h5 28. e4 Bb2 29. Rc2 Ba3 30. Ne5 Re7 31. f4 Bd6 32. Rc8+ Kg7 33. Kf3 Bxe5 34. fxe5 Rxe5 35. Rc7 a5 36. Kf4 Re6 37. e5 Kf8 38. Rc8+ Ke7 39. Rc7+ Kf8 40. Rc8+ Kg7 41. Rc7 Kf8 42. Rc8+ Re8 43. Rc6 Re6 1/2-1/2

[Event "Rheinland Pfalz op 7th"]
[Site "Frankenthal"]
[Date "2015.06.04"]
[Round "1"]
[White "Hamberger, Peter"]
[Black "Costea, Valerius"]
[Result "0-1"]
[WhiteElo "1432"]
[BlackElo "1970"]
[PlyCount "52"]
[EventDate "2015.06.04"]
[EventType "swiss"]
[EventRounds "7"]
[EventCountry "GER"]
[SourceTitle "EXT 2017"]
[Source "ChessBase"]
[SourceDate "2016.10.25"]
[SourceVersion "1"]
[SourceVersionDate "2016.10.25"]
[SourceQuality "1"]

1. e4 c5 2. Nf3 e6 3. d4 cxd4 4. Nxd4 Nf6 5. Nc3 d6 6. Bc4 Be7 7. 0-0 0-0 8. Bg5 Nc6 9. a3 a6 10. Bb3 Qc7 11. Qd2 b5 12. Rad1 Ne5 13. Rfe1 Nc4 14. Bxc4 Qxc4 15. e5 dxe5 16. Rxe5 Bb7 17. Qe2 Qxe2 18. Rxe2 Rfe8 19. Red2 h6 20. Bf4 Rac8 21. Nb3 Nd5 22. Nxd5 Bxd5 23. Be5 Rc4 24. Bc3 Rec8 25. Nc1 Bxa3 26. Ne2 Re4 0-1

[Event "Zweibruecken PSB-ch HT5 82nd"]
[Site "Zweibruecken"]
[Date "2013.03.30"]
[Round "7"]
[White "Hamberger, Peter"]
[Black "Leidner, Matthias"]
[Result "1/2-1/2"]
[WhiteElo "1374"]
[BlackElo "1636"]
[PlyCount "184"]
[EventDate "2013.??.??"]
[EventType "swiss"]
[EventRounds "7"]
[EventCountry "GER"]
[SourceTitle "EXT 2014"]
[Source "ChessBase"]
[SourceDate "2013.11.20"]
[SourceVersion "1"]
[SourceVersionDate "2013.11.20"]
[SourceQuality "1"]

1. e4 c6 2. d4 d5 3. e5 Bf5 4. Nf3 e6 5. Be3 Nd7 6. c4 Bb4+ 7. Bd2 Bxd2+ 8. Nbxd2 Ne7 9. Nh4 Qb6 10. Nxf5 Nxf5 11. Nb3 Qb4+ 12. Qd2 Qxd2+ 13. Kxd2 dxc4 14. Bxc4 Nb6 15. Bd3 Ne7 16. Rhd1 Nbd5 17. Be4 0-0 18. g3 Rac8 19. Rac1 Rfd8 20. Ke2 Rc7 21. f4 g6 22. Na5 f5 23. exf6 Nxf6 24. Bb1 Rcd7 25. Nb3 Nf5 26. Bxf5 exf5 27. Rc2 Re7+ 28. Kf3 Rde8 29. Rcd2 Nd5 30. Nc5 Ne3 31. Re1 Nd5 32. Rxe7 Rxe7 33. Re2 Rf7 34. Re8+ Kg7 35. Ne6+ Kf6 36. Nc5 Rc7 37. Nd3 Kf7 38. Re2 Kf6 39. h4 Nb6 40. Nc5 Nd5 41. Nd3 Kf7 42. Ne5+ Kg7 43. Nc4 Nf6 44. Ne5 Rc8 45. b4 Rd8 46. Ke3 Nd5+ 47. Kd3 Nxb4+ 48. Kc4 Nd5 49. Nf3 Kf6 50. Ng5 h6 51. Re6+ Kg7 52. Nf3 Kf7 53. Re5 Nf6 54. Re3 Ne4 55. Ne5+ Kf6 56. g4 h5 57. g5+ Kg7 58. Kd3 Nc5+ 59. Kc4 Ne4 60. a4 Rd5 61. Nf3 Ra5 62. Kb4 Rd5 63. Kc4 Nd6+ 64. Kc3 Ne4+ 65. Kc4 Rd8 66. Rb3 b6 67. Re3 Rd5 68. Kb4 c5+ 69. dxc5 Rxc5 70. Nd4 Kf7 71. Nb5 a5+ 72. Kb3 Rc6 73. Rd3 Nc5+ 74. Kc4 Nxd3+ 75. Kxd3 Re6 76. Nc3 Ke8 77. Kc4 Kd7 78. Nd5 Kc6 79. Nf6 Re1 80. Kd4 Ra1 81. Ke5 Rxa4 82. Nxh5 Re4+ 83. Kf6 a4 84. Kxg6 a3 85. Ng3 Rxf4 86. Nxf5 a2 87. Ne7+ Kd6 88. Nf5+ Ke5 89. Ng7 Rxh4 90. Kf7 a1Q 91. g6 Rg4 92. Ne8 Qa7+ 1/2-1/2

[Event "Zweibruecken PSB-ch HT5 82nd"]
[Site "Zweibruecken"]
[Date "2013.03.23"]
[Round "2"]
[White "Bischoff, Nico"]
[Black "Hamberger, Peter"]
[Result "1-0"]
[WhiteElo "1581"]
[BlackElo "1374"]
[PlyCount "73"]
[EventDate "2013.??.??"]
[EventType "swiss"]
[EventRounds "7"]
[EventCountry "GER"]
[SourceTitle "EXT 2014"]
[Source "ChessBase"]
[SourceDate "2013.11.20"]
[SourceVersion "1"]
[SourceVersionDate "2013.11.20"]
[SourceQuality "1"]

1. e4 c5 2. Nf3 d6 3. d4 cxd4 4. Nxd4 g6 5. f4 e6 6. Nc3 Bg7 7. Be3 a6 8. Qd2 Ne7 9. 0-0-0 Qa5 10. Nb3 Qc7 11. Qxd6 Qxd6 12. Rxd6 Bxc3 13. bxc3 Nbc6 14. Be2 0-0 15. Rhd1 e5 16. Nc5 exf4 17. Bxf4 b6 18. Nd7 Bxd7 19. Rxd7 b5 20. c4 b4 21. c5 a5 22. Bd6 Rfe8 23. Bc4 Rad8 24. Rf1 Rxd7 25. Bxf7+ Kg7 26. Bxe8 Ra7 27. Bxc6 Nxc6 28. e5 Rf7 29. Rxf7+ Kxf7 30. Kb2 Ke6 31. c3 bxc3+ 32. Kxc3 Nxe5 33. Bxe5 Kxe5 34. Kc4 Ke6 35. Kb5 Kd7 36. Kxa5 Kc7 37. Kb5 1-0